車両保有数が多い鉄道事業者TOP30 - Statistics

General Stats
  • This quiz has been taken 684 times
  • The average score is 25 of 30
Answer Stats
順位 保有数 Answer % Correct
1位 12566 東日本旅客鉄道
100%
3位 6494 西日本旅客鉄道
100%
4位 3433 東海旅客鉄道
98%
8位 1674 九州旅客鉄道
98%
5位 2736 東京地下鉄
97%
6位 1924 近畿日本鉄道
97%
7位 1883 東武鉄道
97%
16位 993 北海道旅客鉄道
97%
12位 1283 阪急電鉄
95%
13位 1267 西武鉄道
94%
26位 360 阪神電気鉄道
93%
15位 1086 名古屋鉄道
92%
11位 1297 東急電鉄
91%
22位 620 京成電鉄
91%
9位 1354 大阪市高速電気軌道
90%
18位 804 京浜急行電鉄
90%
21位 696 南海電気鉄道
90%
23位 414 四国旅客鉄道
89%
2位 8886 日本貨物鉄道
87%
14位 1087 小田急電鉄
87%
27位 314 西日本鉄道
87%
10位 1327 東京都
86%
17位 877 京王電鉄
86%
20位 706 京阪電気鉄道
85%
19位 782 名古屋市
79%
25位 406 相模鉄道
75%
24位 409 札幌市
61%
30位 290 横浜市
60%
29位 292 広島電鉄
43%
28位 308 黒部峡谷鉄道
6%
No matching quizzes found
Score Distribution
Percent of People with Each Score
Percentile by Number Answered
Your Score History
You have not taken this quiz